Normal view
MARC view
- طوالبة،هادي مؤلف/الصرايرة،باسم م.مشارك/الشمايلة،نسرين م.مشارك/الصرايره،خالد م.مشارك
Entry Personal Name
001 - CONTROL NUMBER
- control field: 50129
003 - CONTROL NUMBER IDENTIFIER
- control field: JO-AjAnu
005 - DATE AND TIME OF LATEST TRANSACTION
- control field: 20230606082245.0
008 - FIXED-LENGTH DATA ELEMENTS
- fixed length control field: 230606|| aca||aabn | a|a d
040 ## - CATALOGING SOURCE
- Original cataloging agency: JO-AjAnu
- Transcribing agency: JO-AjAnu
100 ## - HEADING--PERSONAL NAME
- Personal name: طوالبة،هادي مؤلف/الصرايرة،باسم م.مشارك/الشمايلة،نسرين م.مشارك/الصرايره،خالد م.مشارك
670 ## - SOURCE DATA FOUND
- Source citation: Work cat.: (JO-AjAnu)25630: طوالبة،هادي مؤلف/الصرايرة،باسم م.مشارك/الشمايلة،نسرين م.مشارك/الصرايره،خالد م.مشارك, author, طرائق التدريس